<?xml version="1.0" encoding="UTF-8"?>
<record
    xmlns:xsi="http://www.w3.org/2001/XMLSchema-instance"
    xsi:schemaLocation="http://www.loc.gov/MARC21/slim http://www.loc.gov/standards/marcxml/schema/MARC21slim.xsd"
    xmlns="http://www.loc.gov/MARC21/slim">

  <leader>00741nab a2200217 uc4500</leader>
  <controlfield tag="001">583431</controlfield>
  <controlfield tag="005">20240201133315.0</controlfield>
  <controlfield tag="008">000310e19991101                    spa  </controlfield>
  <datafield tag="035" ind1=" " ind2=" ">
    <subfield code="a">583431</subfield>
  </datafield>
  <datafield tag="035" ind1=" " ind2=" ">
    <subfield code="a">(OCoLC)819823638</subfield>
  </datafield>
  <datafield tag="040" ind1=" " ind2=" ">
    <subfield code="c">comduadb</subfield>
  </datafield>
  <datafield tag="041" ind1=" " ind2=" ">
    <subfield code="a">spa</subfield>
  </datafield>
  <datafield tag="100" ind1="1" ind2="0">
    <subfield code="a">Morosini, Piero</subfield>
    <subfield code="4">aut</subfield>
    <subfield code="e">aut</subfield>
    <subfield code="9">304515</subfield>
  </datafield>
  <datafield tag="245" ind1="1" ind2="0">
    <subfield code="a">Mega-fusiones : El autentico reto empieza tras la firma del acuerdo</subfield>
  </datafield>
  <datafield tag="650" ind1=" " ind2=" ">
    <subfield code="a">Fusi&#xF3;n de empresas</subfield>
    <subfield code="9">15614</subfield>
  </datafield>
  <datafield tag="650" ind1=" " ind2=" ">
    <subfield code="a">Fusiones internacionales</subfield>
    <subfield code="9">24838</subfield>
  </datafield>
  <datafield tag="650" ind1=" " ind2="7">
    <subfield code="a">Companias consolidadas</subfield>
    <subfield code="2">lemb</subfield>
    <subfield code="9">13975</subfield>
  </datafield>
  <datafield tag="650" ind1=" " ind2="7">
    <subfield code="a">Globalizaci&#xF3;n</subfield>
    <subfield code="2">lemb</subfield>
    <subfield code="9">15458</subfield>
  </datafield>
  <datafield tag="773" ind1="0" ind2=" ">
    <subfield code="t">Harvard Deusto Business Review (Barcelona)</subfield>
    <subfield code="g">N&#xFA;mero 093, Noviembre-Diciembre 1999, p. 4-10</subfield>
    <subfield code="w">373791</subfield>
    <subfield code="z">0210900X</subfield>
    <subfield code="0">112195</subfield>
  </datafield>
  <datafield tag="942" ind1=" " ind2=" ">
    <subfield code="c">ARIMP</subfield>
  </datafield>
  <datafield tag="999" ind1=" " ind2=" ">
    <subfield code="c">143816</subfield>
    <subfield code="d">143816</subfield>
  </datafield>
</record>
